| 000 | 01054nam2a22002531 4500 | ||
|---|---|---|---|
| 001 | v19\rc\1264846 | ||
| 005 | 20250618002623.0 | ||
| 035 | _a(NLR Aleph) 004418353 | ||
| 090 |
_a4101490 _c4101490 |
||
| 100 | _a20060306e18951895|||y0rusy50 ca | ||
| 101 | 0 | _arus | |
| 102 | _aRU | ||
| 105 | _ay z ||||| | ||
| 200 | 0 | _a... [в 1895 г.] | |
| 210 |
_d1895 _aБ. м. |
||
| 215 | _a4 с. | ||
| 311 | _aОтд. отт. ... 1895 г. | ||
| 461 | 0 |
_1001v19\rc\1264844 _12001#$aО приеме в Военно-медицинскую академию...$v... [в 1895 г.]$90 _94101470 _aВоенно-медицинская академия (Петербург) _c[Санкт-Петербург] _dценз. 1894-1898 _tО приеме в Военно-медицинскую академию... _v... [в 1895 г.]$90 |
|
| 488 | 0 |
_12001#$aБольничная газета Боткина$v1895 _tБольничная газета Боткина |
|
| 801 | 0 |
_aRU _bNLR _gpsbo |
|
| 801 | 1 |
_aRU _bProSoft-M _2rusmarc |
|
| 852 |
_aNLR _j18.287.5.14 |
||
| 942 | _cBOOK | ||
| 980 | _aNB | ||